Patience dans L´Azur: L´evolution cosmique

Sparad:
Bibliografiska uppgifter
Huvudupphovsman: Reeves, Hubert
Materialtyp: Bok
Språk:Undetermined
Publicerad: Quebec, Canadá Presses de L´Université du Québec 1982
Ämnen:
Taggar: Lägg till en tagg
Inga taggar, Lägg till första taggen!

MARC

LEADER 00000nam a2200000Ia 4500
008 170316s9999 xx 000 0 und d
040 |a cru BVZT 
090 |a 818 R-3p 
100 |a Reeves, Hubert 
245 |a Patience dans L´Azur: L´evolution cosmique 
260 |a Quebec, Canadá 
260 |b Presses de L´Université du Québec 
260 |c 1982 
300 |a 258 páginas 
650 |a LITERATURA CANADIENSE 
999 |c 6629  |d 6629 
942 |c 15 D  |h 818 R-3p  |2 z